[Event "Valby K41 op 0607"]
[Site "Valby"]
[Date "2007.01.02"]
[Round "4"]
[White "Weinreich, Per C"]
[Black "Christensen, Esben"]
[Result "0-1"]
[WhiteElo "1800"]
[BlackElo "2002"]
[PlyCount "124"]
[EventDate "2006.11.14"]
[EventType "swiss"]
[EventRounds "9"]
[EventCountry "DEN"]
[SourceTitle "EXT 2018"]
[Source "ChessBase"]
[SourceDate "2017.10.13"]
[SourceVersion "1"]
[SourceVersionDate "2017.10.13"]
[SourceQuality "1"]

1. e4 c5 2. Ne2 e6 3. Nbc3 Nc6 4. d3 d5 5. exd5 exd5 6. g3 Nf6 7. Bg2 Be7 8. 0-0 0-0 9. Bg5 Bg4 10. Bxf6 Bxf6 11. Nxd5 Bxb2 12. Rb1 Nd4 13. Ndf4 Re8 14. f3 Nxe2+ 15. Nxe2 Bd4+ 16. Nxd4 Qxd4+ 17. Kh1 Be6 18. Rxb7 Bxa2 19. Qa1 Bd5 20. Qxd4 cxd4 21. Rb4 a5 22. Rxd4 Bc6 23. Rc4 Re6 24. f4 Bxg2+ 25. Kxg2 a4 26. Ra1 g6 27. Kf3 a3 28. Ra2 h5 29. Rc3 Rea6 30. d4 Kf8 31. Re3 Ra4 32. Ke4 Rd8 33. c3 Rb8 34. Ree2 Ke7 35. Kd3+ Kd6 36. Rec2 Rb3 37. Re2 Ra8 38. Re1 Rc8 39. Rc1 Kd5 40. Rcc2 Rc4 41. Rc1 Rc8 42. Rcc2 Rcb8 43. Re2 f6 44. Re1 Rc8 45. Rc1 Rc4 46. Kd2 Ra4 47. Kd3 Rab4 48. Rca1 Rc4 49. Rc1 Rc8 50. Rcc2 Rc7 51. Rc1 Re7 52. Rca1 Rc7 53. Rc1 Rc4 54. Kd2 g5 55. fxg5 fxg5 56. Kd3 h4 57. gxh4 gxh4 58. Re2 Rxd4+ 59. Ke3 Re4+ 60. Kd3 Rxe2 61. Kxe2 Rb2+ 62. Kd3 a2 0-1